Všetko je v škrupine : poznámky z cesty /

Hlavní autor: Štrpka, Ivan, 1944-
Jazyk: Slovenština
Vydáno: Bratislava : Smena, 1989
Vydání: Vyd. 1
Edice: Erb (Smena)
Fyzický popis: 110 s.
Knihy
Uloženo v:
LEADER 00711nam a22002412a 4500
001 000861216
003 CZ BrMZK
005 20071026123630.0
007 ta
008 070810s1989 xo a er|||||||||||slo d
040 |a OLA001  |b cze 
080 9 |a 885.4-83 
100 1 |a Štrpka, Ivan,  |d 1944-  |7 jn20000620375  |4 aut 
245 1 0 |a Všetko je v škrupine :  |b poznámky z cesty /  |c Ivan Štrpka ; ilustr. Svetozár Mydlo 
250 |a Vyd. 1 
260 |a Bratislava :  |b Smena,  |c 1989 
300 |a 110 s. 
490 1 |a Erb ;  |v zv. 52 
830 0 |a Erb (Smena) 
910 |a BOA001  |b 1-0948.585 
990 |a BK 
991 |b 200708 
996 7 |b 2619255801  |c 1-0948.585  |l MZK  |r Sklad / do 1 hodiny  |n 2  |w 000861216  |u 000010  |a 1  |e BOA001  |j MZK50  |s A